[Event "Championnat de France - Vétérans"]
[Site "Nimes"]
[Date "2009.08.19"]
[Round "8.7"]
[White "Peyrin, Jean"]
[Black "Violeau, Jean-Luc"]
[Result "1/2-1/2"]
[WhiteElo "1992"]
[BlackElo "1890"]
[PlyCount "83"]
[EventDate "2009.??.??"]

1. d4 d5 2. c4 c6 3. Nc3 Nf6 4. Nf3 a6 5. cxd5 cxd5 6. Bf4 Nc6 7. e3 Bf5 8. Be2
e6 9. O-O Bd6 10. Bxd6 Qxd6 11. Rc1 O-O 12. Na4 Nd7 13. Nc5 Nxc5 14. Rxc5 Rfc8
15. Qb3 Rc7 16. Qb6 f6 17. Rfc1 Qd8 18. b4 Rd7 19. Qxd8+ Rdxd8 20. a3 Bg6 21.
h3 Be8 22. Nd2 Rdc8 23. Nb3 Bd7 24. R5c3 b6 25. Bd3 h6 26. e4 Kf8 27. exd5 exd5
28. Be2 Ne7 29. Rxc8+ Bxc8 30. Rc7 Bf5 31. g4 Be6 32. Rb7 Nc8 33. Nc1 a5 34. b5
Ra7 35. Rxa7 Nxa7 36. f4 Ke7 37. f5 Bf7 38. Kf2 Nc8 39. Ke3 Nd6 40. Bd3 Be8 41.
a4 Bf7 42. Ne2 1/2-1/2

[Event "Championnat de France - Vétérans"]
[Site "Nimes"]
[Date "2009.08.19"]
[Round "8.8"]
[White "Rodriguez, Jean-Pierre"]
[Black "Dubreuil, Remy"]
[Result "1-0"]
[WhiteElo "1858"]
[BlackElo "1945"]
[PlyCount "63"]
[EventDate "2009.??.??"]

1. d4 Nf6 2. Nf3 g6 3. Nbd2 Bg7 4. e4 d6 5. Bc4 O-O 6. O-O Bg4 7. h3 Bd7 8. Qe2
e6 9. c3 c6 10. Nh2 b5 11. Bd3 e5 12. f4 Nh5 13. Qf2 Nxf4 14. Qg3 h5 15. Nb3
Bh6 16. Rd1 Qe7 17. Bf1 Na6 18. Nf3 Rad8 19. a4 Nc7 20. axb5 cxb5 21. Rxa7 Bc6
22. d5 Be8 23. Kh1 Rc8 24. Be3 Ne2 25. Qf2 Bxe3 26. Qxe3 Ng3+ 27. Kh2 h4 28.
Qh6 Nxe4 29. Nbd2 f5 30. Nxe4 fxe4 31. Ng5 Rf5 32. Nxe4 1-0

[Event "Championnat de France - Vétérans"]
[Site "Nimes"]
[Date "2009.08.19"]
[Round "8.9"]
[White "Pinchon, Henri"]
[Black "Zurano, Alberto"]
[Result "1-0"]
[WhiteElo "1944"]
[BlackElo "1798"]
[PlyCount "98"]
[EventDate "2009.??.??"]

1. e4 c5 2. Nf3 d6 3. c3 Nf6 4. e5 dxe5 5. Nxe5 Qc7 6. Bb5+ Nbd7 7. d4 e6 8.
O-O Be7 9. Bf4 Qb6 10. Bxd7+ Nxd7 11. Nc4 Qc6 12. Nbd2 O-O 13. Rc1 b5 14. Ne3
c4 15. Nf3 Bb7 16. Qc2 h6 17. Rcd1 Nf6 18. h3 Rad8 19. a3 Nd5 20. Bg3 Bf6 21.
Ng4 Ba8 22. Rfe1 Rfe8 23. Nxf6+ gxf6 24. Re4 Ne7 25. Rg4+ Kh8 26. Bh4 Ng8 27.
Qc1 Rd5 28. Rxg8+ Kxg8 29. Qxh6 Rf5 30. Bxf6 Rxf6 31. Qxf6 Qe4 32. Re1 Qg6 33.
Qxg6+ fxg6 34. Ne5 Kg7 35. Re3 g5 36. Ng4 Bd5 37. Re5 Kg6 38. Ne3 Rd8 39. Kh2
Kf6 40. f3 a5 41. Nc2 Rh8 42. Kg3 Rh7 43. Ne3 Bc6 44. Rc5 Be8 45. Ng4+ Kg6 46.
Rc8 Re7 47. Ra8 a4 48. Rb8 Kf5 49. Ne5 Kf6 1-0

[Event "Championnat de France - Vétérans"]
[Site "Nimes"]
[Date "2009.08.19"]
[Round "8.10"]
[White "Cortes, Jaime"]
[Black "Gremy, Paul"]
[Result "1-0"]
[WhiteElo "1937"]
[BlackElo "1668"]
[PlyCount "61"]
[EventDate "2009.??.??"]

1. d4 e5 2. dxe5 Nc6 3. Nf3 Qe7 4. g3 Nxe5 5. Bg2 Nxf3+ 6. Bxf3 Qb4+ 7. c3 Qb6
8. Nd2 Nf6 9. O-O Be7 10. Nc4 Qa6 11. b3 O-O 12. e4 d6 13. Bb2 Bh3 14. Re1 Rab8
15. Ne3 Be6 16. c4 Nd7 17. Nd5 Bxd5 18. exd5 Bf6 19. Bxf6 Nxf6 20. Re7 Rbc8 21.
Qd2 b5 22. cxb5 Qxb5 23. Rc1 Qb8 24. Qc2 Ne8 25. Bg4 Nf6 26. Bxc8 Rxc8 27. Rxc7
Rxc7 28. Qxc7 Qf8 29. Qb7 Ne8 30. Rc8 f5 31. Qd7 1-0

[Event "Championnat de France - Vétérans"]
[Site "Nimes"]
[Date "2009.08.19"]
[Round "9.1"]
[White "Vaisman, Volodia"]
[Black "Tholey, Jean-Paul"]
[Result "1-0"]
[WhiteElo "2356"]
[BlackElo "2008"]
[PlyCount "65"]
[EventDate "2009.??.??"]

1. e4 e6 2. d4 d5 3. e5 c5 4. c3 Nc6 5. Nf3 Qb6 6. a3 Bd7 7. b4 cxd4 8. cxd4
Rc8 9. Be2 a5 10. b5 Nxd4 11. Nxd4 Rxc1 12. Qxc1 Qxd4 13. Nd2 Qxe5 14. Nf3 Qd6
15. O-O Nf6 16. Qb2 Be7 17. Ne5 O-O 18. Rfc1 Ne4 19. b6 Bf6 20. f4 Bc6 21. Qd4
g5 22. g3 gxf4 23. gxf4 Bh4 24. Kh1 f6 25. Nd3 Bb5 26. Rc7 Bxd3 27. Qg1+ Ng5
28. Bxd3 Qxf4 29. Rf1 Qd6 30. Qd4 Bg3 31. Rxf6 Be5 32. Bxh7+ Nxh7 33. Qg4+ 1-0

[Event "Championnat de France - Vétérans"]
[Site "Nimes"]
[Date "2009.08.20"]
[Round "9.2"]
[White "Mosionzhik, Ilya"]
[Black "Kassab, Faouzi"]
[Result "1-0"]
[WhiteElo "2162"]
[BlackElo "1811"]
[PlyCount "77"]
[EventDate "2009.??.??"]

1. e4 d6 2. d4 g6 3. Nc3 Bg7 4. Be3 Nf6 5. f3 O-O 6. Qd2 Na6 7. Bh6 b6 8. g4 e5
9. Bxg7 Kxg7 10. O-O-O Bb7 11. h4 h5 12. g5 Nd7 13. f4 exf4 14. Qxf4 f5 15. d5
Ne5 16. exf5 Rxf5 17. Qd4 Nc5 18. b4 Ne6 19. Qd2 Qf8 20. Be2 Nf4 21. Nh3 Nxe2+
22. Nxe2 c5 23. Nhf4 Bc8 24. Rhf1 a5 25. bxa5 bxa5 26. Ng3 Qe8 27. Nxf5+ Bxf5
28. Nxh5+ Kh8 29. Ng3 Qa4 30. Qc3 Rb8 31. Nxf5 gxf5 32. Rxf5 Qxa2 33. Rxe5 Rb1+
34. Kd2 Rxd1+ 35. Kxd1 dxe5 36. Qxe5+ Kg8 37. h5 Qb1+ 38. Kd2 Qg1 39. h6 1-0

[Event "Championnat de France - Vétérans"]
[Site "Nimes"]
[Date "2009.08.20"]
[Round "9.3"]
[White "Belluire, Patrice"]
[Black "Ricter, Jean-Paul"]
[Result "0-1"]
[WhiteElo "1985"]
[BlackElo "2093"]
[PlyCount "46"]
[EventDate "2009.??.??"]

1. e4 d6 2. d4 Nf6 3. Nc3 Nbd7 4. Bc4 c6 5. Nf3 b5 6. Bd3 b4 7. Nb1 Bb7 8. e5
dxe5 9. dxe5 Ng4 10. e6 fxe6 11. Qe2 Nc5 12. Bc4 Qd6 13. a3 bxa3 14. Rxa3 Nf6
15. Ng5 Nd5 16. Qf3 Qe5+ 17. Be2 Qf6 18. Qg3 Qg6 19. Qf3 e5 20. Nc3 e6 21. Qh3
Qxc2 22. Ra1 Bc8 23. Bd1 Nd3+ 0-1

[Event "Championnat de France - Vétérans"]
[Site "Nimes"]
[Date "2009.08.20"]
[Round "9.4"]
[White "Cortes, Jaime"]
[Black "Degrave, Jack"]
[Result "1-0"]
[WhiteElo "1937"]
[BlackElo "2028"]
[PlyCount "95"]
[EventDate "2009.??.??"]

1. d4 e6 2. c4 d5 3. Nf3 f5 4. e3 Nf6 5. Nc3 c6 6. Be2 Bd6 7. Ne5 O-O 8. O-O
Nbd7 9. f4 Ne4 10. cxd5 exd5 11. Bf3 Ndf6 12. Qe1 Bd7 13. a3 c5 14. dxc5 Bxc5
15. b4 Bb6 16. Bxe4 dxe4 17. Bb2 Qe8 18. Rd1 Bb5 19. Rf2 Ng4 20. Nxg4 fxg4 21.
Nxb5 Qxb5 22. Qc3 Rf7 23. Rfd2 Qe8 24. Qb3 Rd8 25. Rxd8 Bxd8 26. a4 Kf8 27. Qd5
Bb6 28. Bd4 Bxd4 29. Rxd4 Re7 30. Qf5+ Kg8 31. Qxg4 h6 32. b5 Qf7 33. Qc8+ Kh7
34. Qc2 Qe6 35. h3 g5 36. fxg5 hxg5 37. Qd1 Qg6 38. Rd6 Qf7 39. Qd4 b6 40. Rd8
Kg6 41. Rd6+ Kh7 42. Rd8 Kg6 43. Qh8 Qb3 44. Rg8+ Kf5 45. g4+ Ke6 46. Rg6+ Kd7
47. Qd4+ Kc7 48. Qd6+ 1-0

[Event "Championnat de France - Vétérans"]
[Site "Nimes"]
[Date "2009.08.20"]
[Round "9.5"]
[White "Pinchon, Henri"]
[Black "Birens, Eric-Andre"]
[Result "1/2-1/2"]
[WhiteElo "1944"]
[BlackElo "2025"]
[PlyCount "177"]
[EventDate "2009.??.??"]

1. e4 c5 2. Nf3 d6 3. c3 Nf6 4. e5 dxe5 5. Nxe5 e6 6. Bb5+ Nbd7 7. O-O Be7 8.
d4 O-O 9. Nxd7 Bxd7 10. Bxd7 Qxd7 11. Bg5 Qb5 12. Bc1 Rfd8 13. Na3 Qc6 14. Nc2
Rd7 15. Qe2 Rad8 16. h3 b5 17. Be3 Nd5 18. dxc5 Nxe3 19. Nxe3 Rd2 20. Qg4 Rxb2
21. Rfd1 Rbd2 22. Rxd2 Rxd2 23. Nf1 Rd5 24. Ne3 Rxc5 25. a4 a6 26. axb5 Rxb5
27. c4 Rb8 28. Qe2 Bf6 29. Rd1 Qe4 30. Qa2 Bd4 31. Nf1 h6 32. Ng3 Qe5 33. Qd2
Rd8 34. Kf1 Qc5 35. Qa2 Qc6 36. Ne2 e5 37. Qa5 Qf6 38. Nxd4 exd4 39. Qd2 Qf5
40. Re1 Qc5 41. Qd3 a5 42. Rb1 Qc7 43. Rb5 Qh2 44. f3 Qh1+ 45. Kf2 Re8 46. Rb1
Qh2 47. Qxd4 Qc7 48. c5 Rc8 49. Rc1 Rd8 50. Qc3 Ra8 51. c6 a4 52. Ra1 Ra6 53.
Qc4 Rxc6 54. Qxa4 Rc2+ 55. Kg1 Qc5+ 56. Kh1 g6 57. Qa8+ Kg7 58. Qe4 h5 59. Rg1
Rc4 60. Qe1 h4 61. Qa1+ Qd4 62. Qe1 Qf4 63. Qa1+ Kh7 64. Qe1 Rc2 65. Qb1 Rc5
66. Qe1 Rc7 67. Qa1 f6 68. Qa3 Kh6 69. Re1 Kg5 70. Qa5+ f5 71. Qa3 Qd2 72. Rg1
Qc3 73. Qd6 Kh5 74. Qd8 Rc4 75. Qd6 Qd4 76. Qe7 Kh6 77. Qf8+ Qg7 78. Qd6 Rd4
79. Qa3 Qe5 80. Qf8+ Kg5 81. Qa3 Kf4 82. Qc1+ Qe3 83. Qc7+ Kg5 84. Qb6 Rd3 85.
Qc7 Rd4 86. Qc5 Re4 87. Qc7 Rd4 88. Qc5 Rd3 89. Qc7 1/2-1/2

[Event "Championnat de France - Vétérans"]
[Site "Nimes"]
[Date "2009.08.20"]
[Round "9.6"]
[White "Rodriguez, Jean-Pierre"]
[Black "Cousin, Philippe"]
[Result "1-0"]
[WhiteElo "1858"]
[BlackElo "1974"]
[PlyCount "55"]
[EventDate "2009.??.??"]

1. d4 Nf6 2. Nd2 d5 3. e3 c6 4. Bd3 Nbd7 5. Ngf3 e6 6. O-O Bd6 7. e4 dxe4 8.
Nxe4 Nxe4 9. Bxe4 Nf6 10. Bd3 O-O 11. Be3 Qc7 12. g3 h6 13. c4 c5 14. Qe2 Re8
15. Bc2 b6 16. dxc5 bxc5 17. Rfd1 Bb7 18. Ne1 Qc6 19. f3 Rad8 20. Rd2 Qc7 21.
Rad1 e5 22. h3 e4 23. f4 h5 24. Ng2 Bc8 25. Kh2 Qd7 26. Rxd6 Qxh3+ 27. Kg1 Ng4
28. Rxd8 1-0

[Event "Championnat de France - Vétérans"]
[Site "Nimes"]
[Date "2009.08.20"]
[Round "9.7"]
[White "Basic, Bosko"]
[Black "Rosenfeld, Imre"]
[Result "1/2-1/2"]
[WhiteElo "2068"]
[BlackElo "1937"]
[PlyCount "40"]
[EventDate "2009.??.??"]

1. Nf3 d5 2. d4 Nf6 3. g3 e6 4. Bg2 Be7 5. O-O O-O 6. c4 c6 7. Nc3 Nbd7 8. b3
b6 9. Bb2 Ba6 10. Nd2 Bc8 11. e4 Nxe4 12. Ndxe4 dxe4 13. Nxe4 Nf6 14. Re1 Nxe4
15. Bxe4 Bf6 16. Qc2 g6 17. Rad1 Qc7 18. d5 Bxb2 19. Qxb2 exd5 20. cxd5 cxd5
1/2-1/2

[Event "Championnat de France - Vétérans"]
[Site "Nimes"]
[Date "2009.08.20"]
[Round "9.8"]
[White "Darrigues, Alain"]
[Black "Mounier, Michel"]
[Result "1-0"]
[WhiteElo "2045"]
[BlackElo "1839"]
[PlyCount "65"]
[EventDate "2009.??.??"]

1. d4 d5 2. c4 e6 3. Nc3 Nf6 4. cxd5 exd5 5. Bg5 c6 6. Qc2 Be7 7. e3 O-O 8. Bd3
h6 9. Bh4 Be6 10. Nge2 Nbd7 11. O-O Rc8 12. Rad1 c5 13. dxc5 Bxc5 14. Qb1 Be7
15. h3 Nc5 16. Bc2 Qc7 17. Bg3 Qb6 18. Be5 a6 19. Nf4 Qc6 20. Bxf6 Bxf6 21.
Nfxd5 Bxd5 22. Nxd5 Rfe8 23. b4 Nd7 24. Bh7+ Kf8 25. Bf5 Rcd8 26. Bxd7 Rxd7 27.
Nxf6 Rxd1 28. Nh7+ Kg8 29. Rxd1 g6 30. Rd7 Re6 31. Qd1 b5 32. Qd4 f6 33. Qa7
1-0

[Event "Championnat de France - Vétérans"]
[Site "Nimes"]
[Date "2009.08.20"]
[Round "9.9"]
[White "Lacoste, Alain"]
[Black "Peyrin, Jean"]
[Result "0-1"]
[WhiteElo "1745"]
[BlackElo "1992"]
[PlyCount "106"]
[EventDate "2009.??.??"]

1. d4 Nf6 2. Nf3 e6 3. g3 b6 4. Bg2 Bb7 5. O-O Be7 6. c4 O-O 7. Nc3 Ne4 8. Qc2
Nxc3 9. Qxc3 f5 10. b3 Bf6 11. Bb2 d6 12. Rad1 Nd7 13. Rd2 Qe7 14. Rfd1 Rad8
15. b4 c5 16. Qa3 cxd4 17. Qxa7 Bxf3 18. Bxf3 e5 19. Bc6 Kh8 20. b5 Nc5 21.
Qxb6 Qf7 22. Qa5 Bg5 23. Rc2 Qg6 24. Bc1 f4 25. Rb2 fxg3 26. fxg3 Bxc1 27. Rxc1
Qg5 28. Qe1 Qe3+ 29. Kh1 e4 30. b6 Rf2 31. b7 Rb8 32. a4 d3 33. Qd2 Rxe2 34.
Qxe3 Rxe3 35. Kg1 Rf3 36. Rf2 Rxf2 37. Kxf2 Nxb7 38. Rb1 Rf8+ 39. Ke3 Nc5 40.
a5 Rf3+ 41. Kd4 g6 42. Bxe4 Rf2 43. a6 Nxa6 44. Bxd3 Nc5 45. Rb8+ Kg7 46. Bb1
Rd2+ 47. Ke3 Rxh2 48. Rd8 Rb2 49. Bxg6 hxg6 50. Rxd6 Kf7 51. g4 Rb3+ 52. Kd4
Ne6+ 53. Ke4 Rg3 0-1

[Event "Championnat de France - Vétérans"]
[Site "Nimes"]
[Date "2009.08.20"]
[Round "9.10"]
[White "Andrieu, Philippe"]
[Black "Deveau, Henri"]
[Result "1-0"]
[WhiteElo "1962"]
[BlackElo "1709"]
[PlyCount "71"]
[EventDate "2009.??.??"]

1. d4 d5 2. e4 dxe4 3. Bc4 Nf6 4. c3 e6 5. Bg5 Be7 6. Bxf6 Bxf6 7. Nd2 e3 8.
fxe3 e5 9. Ngf3 O-O 10. O-O exd4 11. exd4 Nc6 12. Qc2 g6 13. Rae1 Bf5 14. Bd3
Bxd3 15. Qxd3 Bg7 16. Ne4 b6 17. Neg5 Qd7 18. Re2 Rae8 19. Rxe8 Rxe8 20. Nd2
Nd8 21. Nde4 h6 22. Nf3 Qd5 23. Re1 Kf8 24. c4 Qa5 25. Qb1 f5 26. b4 Qa3 27.
Ned2 Rxe1+ 28. Qxe1 Qc3 29. Nb3 Qxe1+ 30. Nxe1 Nc6 31. Nc2 a5 32. bxa5 bxa5 33.
a4 Nb4 34. Nxb4 axb4 35. a5 c5 36. a6 1-0

[Event "Championnat de France - Vétérans"]
[Site "Nimes"]
[Date "2009.08.21"]
[Round "10.1"]
[White "Mosionzhik, Ilya"]
[Black "Vaisman, Volodia"]
[Result "0-1"]
[WhiteElo "2162"]
[BlackElo "2356"]
[PlyCount "58"]
[EventDate "2009.??.??"]

1. e4 d5 2. e5 c5 3. c3 Nc6 4. f4 Bf5 5. Nf3 e6 6. d4 Qb6 7. dxc5 Bxc5 8. Bd3
Nh6 9. b4 Be3 10. Bxf5 Nxf5 11. Ke2 Bxc1 12. Qxc1 a5 13. g4 Nfe7 14. bxa5 Rxa5
15. Nbd2 h5 16. g5 O-O 17. Nb3 Qa6+ 18. c4 Rxa2+ 19. Rxa2 Qxa2+ 20. Nfd2 dxc4
21. Qxc4 Rd8 22. Rc1 Nf5 23. g6 fxg6 24. Qxe6+ Kh7 25. Qc4 Na5 26. Qc7 Nxb3 27.
Qxd8 Nxc1+ 28. Kd1 Nb3 29. Nf3 Qb1+ 0-1

[Event "Championnat de France - Vétérans"]
[Site "Nimes"]
[Date "2009.08.21"]
[Round "10.2"]
[White "Ricter, Jean-Paul"]
[Black "Cortes, Jaime"]
[Result "1-0"]
[WhiteElo "2093"]
[BlackElo "1937"]
[PlyCount "45"]
[EventDate "2009.??.??"]

1. e4 c5 2. d4 cxd4 3. c3 e5 4. Bc4 Nc6 5. Nf3 Be7 6. Qb3 Na5 7. Bxf7+ Kf8 8.
Qb5 d6 9. Bxg8 Rxg8 10. cxd4 Bd7 11. Qd3 Rc8 12. Nc3 exd4 13. Nxd4 Nc4 14. O-O
Ne5 15. Qd1 g5 16. f4 gxf4 17. Bxf4 Kg7 18. Bxe5+ dxe5 19. Qh5 Bf6 20. Nd5 Rf8
21. Rxf6 Rxf6 22. Qxe5 Kf7 23. Nxf6 1-0

[Event "Championnat de France - Vétérans"]
[Site "Nimes"]
[Date "2009.08.21"]
[Round "10.3"]
[White "Darrigues, Alain"]
[Black "Rodriguez, Jean-Pierre"]
[Result "0-1"]
[WhiteElo "2045"]
[BlackElo "1858"]
[PlyCount "142"]
[EventDate "2009.??.??"]

1. d4 d5 2. c4 e6 3. Nc3 Nf6 4. cxd5 exd5 5. Bg5 Nbd7 6. e3 c6 7. Bd3 h6 8. Bh4
Bd6 9. Nf3 O-O 10. O-O Re8 11. Qc2 Nf8 12. Rab1 Bg4 13. Nd2 Be6 14. b4 Bxh2+
15. Kxh2 Ng4+ 16. Kg1 Qxh4 17. Nf3 Qh5 18. Ne2 f6 19. Nf4 Qf7 20. Nxe6 Nxe6 21.
Bg6 Qc7 22. Qf5 Nxe3 23. fxe3 Re7 24. Bh5 Rd8 25. Rfe1 Nf8 26. Qf4 Qd7 27. Nd2
g6 28. Qg3 Qf5 29. Bf3 Qc2 30. Nf1 Rde8 31. Qf2 Qf5 32. Rbd1 Nh7 33. Ng3 Qd7
34. e4 dxe4 35. Rxe4 Ng5 36. Rxe7 Qxe7 37. a3 Qe3 38. Qxe3 Rxe3 39. Kf2 Rxa3
40. Be2 Ra2 41. Ke1 Rb2 42. b5 cxb5 43. d5 Kf8 44. Nf1 Ke7 45. Ne3 f5 46. Bd3
a5 47. Nc2 Ne4 48. g4 Nc3 49. Ra1 a4 50. gxf5 gxf5 51. Bxf5 Nxd5 52. Rd1 Nb6
53. Kd2 Rb3 54. Rh1 Nc4+ 55. Kc1 Nd6 56. Bh7 a3 57. Rxh6 Nc4 58. Rh2 Rc3 59.
Kb1 Rb3+ 60. Ka1 Rb2 61. Re2+ Kd6 62. Bd3 Kc5 63. Rh2 Rb3 64. Rh5+ Kb6 65. Bh7
Nd2 66. Nd4 Rb2 67. Rh3 b4 68. Rh4 Kc7 69. Bc2 b3 70. Nb5+ Kb6 71. Bd3 Ra2# 0-1

[Event "Championnat de France - Vétérans"]
[Site "Nimes"]
[Date "2009.08.21"]
[Round "10.4"]
[White "Birens, Eric-Andre"]
[Black "Tholey, Jean-Paul"]
[Result "1-0"]
[WhiteElo "2025"]
[BlackElo "2008"]
[PlyCount "59"]
[EventDate "2009.??.??"]

1. d4 Nf6 2. c4 g6 3. Nc3 d5 4. cxd5 Nxd5 5. e4 Nxc3 6. bxc3 Bg7 7. Nf3 c5 8.
Rb1 O-O 9. Be2 Nc6 10. d5 Ne5 11. Nxe5 Bxe5 12. Qd2 e6 13. f4 Bc7 14. O-O exd5
15. exd5 b6 16. c4 Bf5 17. Bd3 Bxd3 18. Qxd3 Qd6 19. Bb2 f6 20. g3 Rae8 21.
Rbe1 Kf7 22. f5 Bd8 23. Re6 Qd7 24. Rfe1 Kg7 25. Qe3 Rxe6 26. fxe6 Qd6 27. e7
Bxe7 28. Qxe7+ Qxe7 29. Rxe7+ Rf7 30. d6 1-0

[Event "Championnat de France - Vétérans"]
[Site "Nimes"]
[Date "2009.08.21"]
[Round "10.5"]
[White "Peyrin, Jean"]
[Black "Andrieu, Philippe"]
[Result "0-1"]
[WhiteElo "1992"]
[BlackElo "1962"]
[PlyCount "72"]
[EventDate "2009.??.??"]

1. d4 d5 2. c4 dxc4 3. Nf3 c6 4. a4 Bd7 5. e3 b5 6. b3 cxb3 7. axb5 cxb5 8.
Qxb3 Qb6 9. Ne5 e6 10. Nxd7 Nxd7 11. Bxb5 Ngf6 12. Nd2 Be7 13. Nc4 Qd8 14. Ne5
Bd6 15. Nc4 Be7 16. Ba3 O-O 17. O-O Bxa3 18. Qxa3 Nb6 19. Ne5 Nfd5 20. Rfc1 f6
21. Nc6 Qe8 22. e4 a6 23. Bf1 Nf4 24. Ne7+ Kh8 25. Rc7 Qd8 26. Rac1 Qxd4 27. g3
Nh5 28. Be2 Qe5 29. R1c5 Qxe4 30. Bxh5 Rad8 31. Bf3 Qe1+ 32. Kg2 Rd2 33. Ng6+
Kg8 34. Nf4 Qxf2+ 35. Kh3 Qxh2+ 36. Kg4 f5+ 0-1

[Event "Championnat de France - Vétérans"]
[Site "Nimes"]
[Date "2009.08.21"]
[Round "10.6"]
[White "Kassab, Faouzi"]
[Black "Belluire, Patrice"]
[Result "0-1"]
[WhiteElo "1811"]
[BlackElo "1985"]
[PlyCount "78"]
[EventDate "2009.??.??"]

1. e4 d5 2. exd5 Nf6 3. d4 Nxd5 4. Nf3 Bg4 5. c4 Nb6 6. Be3 e5 7. Be2 Bb4+ 8.
Nc3 exd4 9. Nxd4 Bxc3+ 10. bxc3 Bxe2 11. Qxe2 O-O 12. O-O Qh4 13. Rab1 Na6 14.
Rb5 Rab8 15. Rh5 Qe4 16. Nf5 Rfe8 17. Nxg7 Kxg7 18. Rg5+ Kf8 19. Qh5 Re6 20.
Rf5 Rg6 21. Bh6+ Kg8 22. f3 Qe2 23. g4 Nxc4 24. Qh4 Ne3 25. Bxe3 Qxe3+ 26. Kg2
Re8 27. Qg3 Qe2+ 28. Rf2 Qe7 29. h4 Qd6 30. Qh3 Qe6 31. Rf4 Nc5 32. h5 Rg7 33.
Rd2 Qe3 34. Rfd4 Ne6 35. R2d3 Nf4+ 36. Rxf4 Qxd3 37. Kg3 Qxc3 38. g5 Qe1+ 39.
Kg4 Qg1+ 0-1

[Event "Championnat de France - Vétérans"]
[Site "Nimes"]
[Date "2009.08.21"]
[Round "10.7"]
[White "Dubreuil, Remy"]
[Black "Pinchon, Henri"]
[Result "1/2-1/2"]
[WhiteElo "1945"]
[BlackElo "1944"]
[PlyCount "80"]
[EventDate "2009.??.??"]

1. e4 c5 2. Nf3 e6 3. d3 Nc6 4. g3 d6 5. Bg2 Be7 6. O-O Nf6 7. Re1 O-O 8. Bf4
Bd7 9. Nbd2 Rc8 10. Nc4 e5 11. Bg5 Be6 12. Ne3 Nd4 13. c3 Nxf3+ 14. Bxf3 Qd7
15. Bxf6 Bxf6 16. c4 g6 17. Bg4 Bg7 18. Rb1 f5 19. exf5 gxf5 20. Bf3 f4 21. Nd5
Kh8 22. g4 Rf7 23. h3 Rg8 24. Kf1 Qd8 25. Ke2 Bd7 26. Rh1 Bc6 27. a4 Rgf8 28.
b3 a6 29. Kf1 Qh4 30. Qe1 Qd8 31. Kg2 Re8 32. Qe4 Re6 33. Qe1 Rh6 34. Qd2 Rh4
35. Rh2 Qg5 36. Rbh1 Bxd5 37. cxd5 Qd8 38. Rb1 a5 39. Qe1 b6 40. Qe4 Qc8
1/2-1/2

[Event "Championnat de France - Vétérans"]
[Site "Nimes"]
[Date "2009.08.21"]
[Round "10.8"]
[White "Marbot, Raymond"]
[Black "Basic, Bosko"]
[Result "0-1"]
[WhiteElo "1912"]
[BlackElo "2068"]
[PlyCount "70"]
[EventDate "2009.??.??"]

1. e4 e5 2. Nf3 Nc6 3. Bb5 a6 4. Ba4 d6 5. c3 Nf6 6. d3 Be7 7. h3 O-O 8. O-O b5
9. Bc2 d5 10. exd5 Nxd5 11. Re1 Bf6 12. d4 exd4 13. cxd4 b4 14. Nbd2 Nxd4 15.
Nxd4 Bxd4 16. Nf3 Bf6 17. Be4 Be6 18. Qc2 g6 19. Bh6 Re8 20. Rad1 Qd7 21. Bf4
Rad8 22. Be5 Bg7 23. Bxg7 Kxg7 24. Ne5 Qb5 25. Nc6 Rd6 26. Bxd5 Rxd5 27. Rxd5
Qxd5 28. Nxb4 Qa5 29. a3 Kg8 30. Rc1 Qg5 31. Kh2 a5 32. Nc6 Bd5 33. g3 Qf6 34.
Nxa5 Qf3 35. Rg1 Re2 0-1

[Event "Championnat de France - Vétérans"]
[Site "Nimes"]
[Date "2009.08.21"]
[Round "10.9"]
[White "Mosti, Alain"]
[Black "Degrave, Jack"]
[Result "0-1"]
[WhiteElo "1870"]
[BlackElo "2028"]
[PlyCount "96"]
[EventDate "2009.??.??"]

1. e4 e6 2. d4 d5 3. exd5 exd5 4. Bd3 Nf6 5. Bg5 Bd6 6. Nf3 O-O 7. O-O Bg4 8.
h3 Bh5 9. Nbd2 Nbd7 10. c4 c6 11. cxd5 cxd5 12. Qb3 Qb6 13. Qxb6 axb6 14. a3
Rfe8 15. Rfe1 Bg6 16. Rxe8+ Rxe8 17. Bxg6 hxg6 18. Kf1 Rc8 19. Ne1 Ne4 20. Nxe4
dxe4 21. Rc1 Rc6 22. g3 f5 23. Ng2 Kf7 24. Ke2 Nf6 25. Rxc6 bxc6 26. Ne3 b5 27.
Bxf6 gxf6 28. Nd1 f4 29. g4 Ke6 30. Nc3 f5 31. d5+ cxd5 32. Nxb5 fxg4 33. hxg4
f3+ 34. Kf1 Be5 35. b3 Kd7 36. a4 Kc6 37. Na3 Bc3 38. Nc2 d4 39. b4 Kb6 40. b5
Ka5 41. g5 d3 42. Ne3 Kxa4 43. b6 Be5 44. Ke1 Kb5 45. Nd5 Kc6 46. Ne7+ Kxb6 47.
Nxg6 Bc3+ 48. Kd1 e3 0-1

[Event "Championnat de France - Vétérans"]
[Site "Nimes"]
[Date "2009.08.21"]
[Round "10.10"]
[White "Cousin, Philippe"]
[Black "Violeau, Jean-Luc"]
[Result "0-1"]
[WhiteElo "1974"]
[BlackElo "1890"]
[PlyCount "106"]
[EventDate "2009.??.??"]

1. d4 d5 2. Nf3 Nf6 3. c4 c6 4. Nc3 a6 5. cxd5 cxd5 6. e3 Bf5 7. Bd3 Bxd3 8.
Qxd3 e6 9. O-O Bd6 10. e4 dxe4 11. Nxe4 O-O 12. Bg5 Be7 13. Rfd1 Nc6 14. a3
Nxe4 15. Bxe7 Nxf2 16. Kxf2 Qxe7 17. d5 exd5 18. Qxd5 Rad8 19. Qg5 Qxg5 20.
Nxg5 Ne5 21. b4 Nd3+ 22. Kf3 Rfe8 23. Nh3 Kf8 24. Nf4 Ne5+ 25. Kf2 Nc4 26. Rd3
Rxd3 27. Nxd3 b6 28. a4 Rd8 29. Ke2 Re8+ 30. Kf2 Nd6 31. Rc1 Rc8 32. Rxc8+ Nxc8
33. Ke3 Ke7 34. Kd4 Kd6 35. Ne5 f6 36. Nc4+ Kc6 37. g4 Nd6 38. Ne3 g6 39. Nd5
f5 40. Ne7+ Kb7 41. gxf5 Nxf5+ 42. Nxf5 gxf5 43. Ke5 Kc6 44. h4 b5 45. a5 f4
46. Kxf4 Kd5 47. h5 Kc4 48. Kg5 Kxb4 49. Kh6 Kxa5 50. Kxh7 b4 51. Kg8 b3 52. h6
b2 53. h7 b1=Q 0-1

[Event "Championnat de France - Vétérans"]
[Site "Nimes"]
[Date "2009.08.22"]
[Round "11.1"]
[White "Vaisman, Volodia"]
[Black "Birens, Eric-Andre"]
[Result "1/2-1/2"]
[WhiteElo "2356"]
[BlackElo "2025"]
[PlyCount "30"]
[EventDate "2009.??.??"]

1. e4 c5 2. Nf3 d6 3. d4 cxd4 4. Nxd4 Nf6 5. Nc3 a6 6. g3 e5 7. Nde2 Be7 8. Bg2
Be6 9. h3 Nbd7 10. g4 Nb6 11. Ng3 d5 12. exd5 Nfxd5 13. Nxd5 Bxd5 14. Bxd5 Qxd5
15. Qxd5 Nxd5 1/2-1/2

[Event "Championnat de France - Vétérans"]
[Site "Nimes"]
[Date "2009.08.22"]
[Round "11.2"]
[White "Rodriguez, Jean-Pierre"]
[Black "Ricter, Jean-Paul"]
[Result "0-1"]
[WhiteElo "1858"]
[BlackElo "2093"]
[PlyCount "72"]
[EventDate "2009.??.??"]

1. c4 d6 2. Nf3 e5 3. Nc3 f5 4. g3 e4 5. Nd4 Qf6 6. e3 Ne7 7. d3 exd3 8. Qxd3
c6 9. Bg2 Na6 10. a3 Nc5 11. Qc2 Ne6 12. Nce2 g5 13. Bd2 Bg7 14. Bc3 Qf7 15.
Nxe6 Bxe6 16. Bxg7 Qxg7 17. Nd4 Bd7 18. O-O-O O-O 19. h4 g4 20. Ne2 d5 21. Kb1
b5 22. cxb5 cxb5 23. Nf4 Rfc8 24. Qb3 Kh8 25. Nxd5 Be6 26. Qb4 Nc6 27. Qd6 Qf7
28. Nf4 Ba2+ 29. Ka1 Na5 30. Bd5 Bxd5 31. Nxd5 Rc2 32. Qe5+ Qg7 33. Qxg7+ Kxg7
34. Rhf1 Nc4 35. Rc1 Rd2 36. b4 Rxd5 0-1

[Event "Championnat de France - Vétérans"]
[Site "Nimes"]
[Date "2009.08.22"]
[Round "11.3"]
[White "Belluire, Patrice"]
[Black "Mosionzhik, Ilya"]
[Result "1/2-1/2"]
[WhiteElo "1985"]
[BlackElo "2162"]
[PlyCount "35"]
[EventDate "2009.??.??"]

1. e4 e5 2. Nf3 d6 3. d4 exd4 4. Qxd4 Nc6 5. Bb5 Bd7 6. Bxc6 Bxc6 7. Bg5 Nf6 8.
Nc3 h6 9. Bxf6 Qxf6 10. Qxf6 gxf6 11. Nd4 Bd7 12. O-O-O c6 13. Nce2 O-O-O 14.
Ng3 c5 15. Ndf5 Be6 16. Ne3 h5 17. Ngf5 Kc7 18. Nd5+ 1/2-1/2

[Event "Championnat de France - Vétérans"]
[Site "Nimes"]
[Date "2009.08.22"]
[Round "11.4"]
[White "Basic, Bosko"]
[Black "Andrieu, Philippe"]
[Result "1-0"]
[WhiteElo "2068"]
[BlackElo "1962"]
[PlyCount "83"]
[EventDate "2009.??.??"]

1. Nf3 d5 2. d4 c5 3. c3 Nc6 4. g3 Nf6 5. Bg2 e6 6. O-O Bd6 7. Bg5 h6 8. Bxf6
gxf6 9. Nbd2 cxd4 10. cxd4 f5 11. e3 b6 12. Nh4 Be7 13. Ndf3 a5 14. a3 Ba6 15.
Re1 Rg8 16. Kh1 Qd6 17. Rc1 b5 18. Nxf5 exf5 19. Qc2 Bb7 20. Qxf5 Qg6 21. Qxd5
Nd8 22. Qxb5+ Bc6 23. Qe2 Rb8 24. e4 Bb5 25. Qd2 a4 26. Qf4 Rb6 27. Rc8 Rf6 28.
Qb8 Rb6 29. Qa7 Ra6 30. Qb8 Rb6 31. Qe5 Bd7 32. Rb8 Re6 33. Qc7 Rxe4 34. Rc1
Qf6 35. Ne5 Rxd4 36. Nxd7 Rxd7 37. Bc6 Qe6 38. Rd1 Qe4+ 39. Kg1 Kf8 40. Rxd7
Qe1+ 41. Kg2 Qe6 42. Rxe7 1-0